La verdad de la poesía: tensiones en la poesía moderna de Baudelaire a los años sesenta

Salvato in:
Dettagli Bibliografici
Autore principale: Hamburger, Michael (Autore)
Natura: Libro
Lingua:spagnolo
Pubblicazione: Ciudad de México Fondo de Cultura Económica 1991
Serie:Obras de Lengua y Estudios Literarios
Soggetti:
Tags: Aggiungi Tag
Nessun Tag, puoi essere il primo ad aggiungerne!!

MARC

LEADER 00000nam a2200000 a 4500
001 UCM8796
003 CL-VaPUC
008 030328e19910000MX |||||||||||||||||spa|d
082 0 4 |a 809.1  |b HAM  |2 21 
100 |a Hamburger, Michael  |e author  |9 474993 
245 1 3 |a La verdad de la poesía: tensiones en la poesía moderna de Baudelaire a los años sesenta 
300 |a 343 p 
942 |c BK 
945 |d 20030328 00:00:00  |a vberengu 
260 |a Ciudad de México  |b Fondo de Cultura Económica  |c 1991 
650 7 |a POESIA - HISTORIA Y CRITICA  |2 CL-VaPUC  |9 265066 
583 |a last modification  |c 20030328 00:00:00  |k Rodrigo Vera 
490 0 |a Obras de Lengua y Estudios Literarios 
999 |c 303218  |d 303216 
952 |0 0  |1 0  |4 0  |6 809_100000000000000_HAM_1991  |7 0  |8 A  |9 364377  |a BIBART  |b BIBART  |d 2019-11-21  |i 3886441  |o 809.1 HAM 1991  |p 3886441  |r 2025-03-13  |w 2019-11-21  |y BK  |k ART